| 000 | 01022nam a22002535i 4500 | ||
|---|---|---|---|
| 001 | 155275 | ||
| 003 | ES-MaACL | ||
| 005 | 20250828004909.0 | ||
| 008 | 040720q18911900it |||| | ita d | ||
| 040 |
_aCAM _bspa _cCAM |
||
| 100 | 1 |
_aHerder, Johann Gottfried von. _9127872 |
|
| 245 | 1 | 0 |
_aScritti pedagogici / _cGiovanni Goffredo Herder ; tradotti e riassunti da Gemma Harasim... |
| 260 |
_aMilano ; _aPalermo ; _aNapoli : _bRemo Sandron, editore, _c[s.a.] |
||
| 300 |
_aVIII, 201 p. ; _c19 cm. |
||
| 490 | 1 | _aPedagogisti ed educatori antichi e moderni / collezione diretta da Giuseppe Lombardo-Radice | |
| 596 | _aLa actividad del editor parece que se sitúa ca. 1891-1900. | ||
| 650 | 0 | 7 |
_aPedagogía _2embne _915904 |
| 700 | 1 |
_aHarasim, Gemma. _9127784 |
|
| 752 |
_aItalia - _cMilán |
||
| 752 |
_aItalia - _cNápoles |
||
| 830 | 0 |
_aPedagogisti ed educatori antichi e moderni / collezione diretta da Giuseppe Lombardo-Radice _9188605 |
|
| 852 |
_aES-MaACL _jD-693 _z- Rúst. |
||
| 999 |
_c155275 _d155275 |
||